000 00754nam a2200253 i 4500
003 DO-SdBNP
005 20231101132819.0
007 ta
008 220317b2021 a|||| |||| 00| 0 spa d
020 _a9789945626124
040 _aDO-SdBNP
_bspa
_cBNPHU
_erda
082 4 _222
100 _aGermoso, Nayely,
_981343
_eautora
245 1 3 _aEl despertar de los Dioses del Caribe /
_cNayely Germoso
264 _aSanto Domingo :
_bVérite,
_c2021.
300 _a53 páginas :
_bilustraciones ;
_c21 cm.
336 _2rdacontent
_atexto
_btxt
337 _2rdamedia
_asin mediación
_bn
338 _2rdacarrier
_avolumen
_bnc
500 _aIncluye notas al pie de las páginas
590 _aInventariado, 2022/BT
910 _aBtavárez
942 _2ddc
_cLBS1
999 _c51433
_d51433